El tambor de hojalata (Registro nro. 7215)

Detalles MARC
000 -CABECERA
Longitud fija campo de control 01028nam a2200289Ia 4500
005 - • FECHA Y HORA DE LA ÚLTIMA TRANSACCIÓN
Fecha y hora de la última transacción 20220317001519.0
008 - • CÓDIGOS DE INFORMACIÓN DE LONGITUD FIJA
Códigos de información de longitud fija 161108s2005 ck g 000 f s
020 ## - • NÚMERO INTERNACIONAL NORMALIZADO PARA LIBROS
Número Internacional Normalizado para Libros (ISBN) 9789587042511
040 ## - FUENTE DE LA CATALOGACIÓN
Centro catalogador de origen CO-BoRNBP
Lengua de catalogación spa
Normas de descripción rda
Centro transcriptor CO-BoRNBP
084 ## - • Clasificación Local Alfanúmerica PNLB
Número de clasificación N GRA1
100 1# - • PUNTO DE ACCESO PRINCIPAL-NOMBRE DE PERSONA
Nombre de persona Grass, Günter
Fechas asociadas al nombre 1927-
245 13 - • TITULO PROPIAMENTE DICHO
Título El tambor de hojalata
Mención de responsabilidad, etc. Günter Grass ; traducción de Carlos Gerhard, Joaquín Mortiz
250 ## - • MENCIÓN DE EDICIÓN
Mención de edición 1a. edición, 2a reimpresión
264 ## - PRODUCCIÓN, PUBLICACIÓN , DISTRIBUCIÓN, FABRICACIÓN Y COPYRIGHT
Lugar de producción, publicación, distribución, fabricación Bogotá
Nombre del productor, editor, distribuidor, fabricante Punto de lectura
Fecha de de producción, publicación, distribución, fabricación o copyright 2005
300 ## - • DESCRIPCIÓN FÍSICA
Extensión 506 páginas
Dimensiones 18 cm
336 ## - TIPO DE CONTENIDO
Término de tipo de contenido texto
Código de tipo de contenido txt
Fuente rdacontent
337 ## - TIPO DE MEDIO
Nombre del tipo de medio sin mediación
Código del tipo de medio n
Fuente rdamedia
338 ## - TIPO DE SOPORTE
Nombre del tipo de soporte volumen
Código del tipo de soporte nc
Fuente rdacarrier
534 ## - • Nota De Versión Original
Título Die Blechtrommel
586 ## - • NOTA DE PREMIOS
Nota de premios premio Nobel De Literatura, 1999
650 14 - • PUNTO DE ACCESO ADICIONAL DE MATERIA - TÉRMINO DE MATERIA
Fuente del encabezamiento o término LEMB
Término de materia o nombre geográfico como elemento inicial Novela alemana
Subdivisión cronológica Siglo XX
650 14 - • PUNTO DE ACCESO ADICIONAL DE MATERIA - TÉRMINO DE MATERIA
Fuente del encabezamiento o término LEMB
Término de materia o nombre geográfico como elemento inicial Literatura alemana
Subdivisión cronológica Siglo XX
650 14 - • PUNTO DE ACCESO ADICIONAL DE MATERIA - TÉRMINO DE MATERIA
Fuente del encabezamiento o término LEMB
Término de materia o nombre geográfico como elemento inicial Niños
Subdivisión de forma Novela
Subdivisión de materia general Crecimiento
-- Aspectos psicológicos
700 1# - • PUNTO DE ACCESO ADICIONAL - NOMBRE DE PERSONA
Nombre de persona Mortiz, Joaquín Gerhard, Carlos
Término indicativo de función traductor
700 1# - • PUNTO DE ACCESO ADICIONAL - NOMBRE DE PERSONA
Nombre de persona Mortiz, Joaquín
Término indicativo de función traductor
942 ## - ENTRADA DE ELEMENTOS AGREGADOS (KOHA)
Fuente de clasificaión o esquema
Koha [por defecto] tipo de item Libro Literatura

No hay ítems disponibles.










Instituto Departamental de Cultura del Meta - Red Departamental de Bibliotecas Públicas del Meta.